| 000 | 00773nam a2200229 i 4500 | ||
|---|---|---|---|
| 001 | 25862 | ||
| 003 | ES-MaACL | ||
| 005 | 20250805063232.0 | ||
| 007 | t| | ||
| 008 | 030103s1980 sp ||||1| spa d | ||
| 020 | _a84-7231-535-5 | ||
| 100 | 1 |
_aArjona Castro, Antonio, _d1938- _922889 |
|
| 245 | 1 | 0 |
_aAndalucía musulmana : _bestructura político-administrativa / _cAntonio Arjona Castro. |
| 260 |
_aCórdoba : _bMonte de Piedad y Caja de Ahorros, _c1980. |
||
| 300 |
_a164 p. : _bil. ; _c19 cm. |
||
| 490 | 1 |
_aMedina y Corella ; _v10 |
|
| 651 | 4 |
_aAl-Andalus- _xHistoria. _97609 |
|
| 710 | 2 |
_aMonte de Piedad y Caja de Ahorros de Córdoba. _95763 |
|
| 830 | 1 |
_aMedina y Corella ; _v10 _9184356 |
|
| 852 |
_aES-MaACL _jC-17281 |
||
| 999 |
_c25862 _d25862 |
||